000 01048pam a2200289 a 4500
999 _c153051
_d153049
005 20191121121004.0
008 821220s1983 enka b 001 0 eng
020 _a0521254450
020 _a0521274567 (pbk.)
050 0 4 _aQC318.T47
_bA35 1983
100 1 _aAdkins, C. J.
_q(Clement John)
245 1 0 _aEquilibrium thermodynamics /
_cC.J. Adkins.
250 _a3a ed.
260 _aCambridge [Cambridgeshire] ;
_aNew York :
_bCambridge University Press,
_c1983.
300 _axiii, 285 p. :
_bill. ;
_c24 cm.
504 _aBibliografía: p. 278-280.
504 _aIncluye índice
650 7 _aEquilibrio termodinamico
_2lemb
942 _2lcc
_cLIB